000 00489nam a22001457a 4500
008 130823b xxu||||| |||| 00| 0 eng d
020 _a9789970452026
050 _aHC865
_b.N38 2011
245 _aNatural Resources Management and Land Use :
_bproceedings of the cluster workshop /
_cedited by P. Okinda - Owuor et al
260 _aNairobi
_bVicres
_c2011
300 _a223 p.;
_c25cm.
500 _aincludes refernces
650 _aNatural resource -- management -- Kenya
942 _2lcc
_cBK
999 _c42134
_d42134